|
|
|
|
| LEADER |
02817nam a22005775i 4500 |
| 001 |
978-3-642-13414-2 |
| 003 |
DE-He213 |
| 005 |
20151204182514.0 |
| 007 |
cr nn 008mamaa |
| 008 |
100607s2010 gw | s |||| 0|eng d |
| 020 |
|
|
|a 9783642134142
|9 978-3-642-13414-2
|
| 024 |
7 |
|
|a 10.1007/978-3-642-13414-2
|2 doi
|
| 040 |
|
|
|d GrThAP
|
| 050 |
|
4 |
|a QA76.9.A73
|
| 050 |
|
4 |
|a QA76.9.S88
|
| 072 |
|
7 |
|a UYD
|2 bicssc
|
| 072 |
|
7 |
|a COM032000
|2 bisacsh
|
| 072 |
|
7 |
|a COM067000
|2 bisacsh
|
| 082 |
0 |
4 |
|a 003.3
|2 23
|
| 245 |
1 |
0 |
|a Coordination Models and Languages
|h [electronic resource] :
|b 12th International Conference, COORDINATION 2010, Amsterdam, The Netherlands, June 7-9, 2010. Proceedings /
|c edited by Dave Clarke, Gul Agha.
|
| 264 |
|
1 |
|a Berlin, Heidelberg :
|b Springer Berlin Heidelberg,
|c 2010.
|
| 300 |
|
|
|a XI, 183 p. 50 illus.
|b online resource.
|
| 336 |
|
|
|a text
|b txt
|2 rdacontent
|
| 337 |
|
|
|a computer
|b c
|2 rdamedia
|
| 338 |
|
|
|a online resource
|b cr
|2 rdacarrier
|
| 347 |
|
|
|a text file
|b PDF
|2 rda
|
| 490 |
1 |
|
|a Lecture Notes in Computer Science,
|x 0302-9743 ;
|v 6116
|
| 505 |
0 |
|
|a Observables for Mobile and Wireless Broadcasting Systems -- Behavioural Contracts with Request-Response Operations -- NOW: A Workflow Language for Orchestration in Nomadic Networks -- A Calculus for Boxes and Traits in a Java-Like Setting -- JErlang: Erlang with Joins -- A Hybrid Visual Dataflow Language for Coordination in Mobile Ad Hoc Networks -- Compositional Construction of Real-Time Dataflow Networks -- Coordinating Resource Usage through Adaptive Service Provisioning in Wireless Sensor Networks -- Simulation and Analysis of Distributed Systems in Klaim -- Modelling Railway Interlocking Tables Using Coloured Petri Nets -- Efficient Session Type Guided Distributed Interaction -- Scalable Efficient Composite Event Detection.
|
| 650 |
|
0 |
|a Computer science.
|
| 650 |
|
0 |
|a Computer communication systems.
|
| 650 |
|
0 |
|a Architecture, Computer.
|
| 650 |
|
0 |
|a Software engineering.
|
| 650 |
|
0 |
|a Computer programming.
|
| 650 |
|
0 |
|a Computers.
|
| 650 |
1 |
4 |
|a Computer Science.
|
| 650 |
2 |
4 |
|a Computer System Implementation.
|
| 650 |
2 |
4 |
|a Software Engineering/Programming and Operating Systems.
|
| 650 |
2 |
4 |
|a Computer Communication Networks.
|
| 650 |
2 |
4 |
|a Software Engineering.
|
| 650 |
2 |
4 |
|a Programming Techniques.
|
| 650 |
2 |
4 |
|a Models and Principles.
|
| 700 |
1 |
|
|a Clarke, Dave.
|e editor.
|
| 700 |
1 |
|
|a Agha, Gul.
|e editor.
|
| 710 |
2 |
|
|a SpringerLink (Online service)
|
| 773 |
0 |
|
|t Springer eBooks
|
| 776 |
0 |
8 |
|i Printed edition:
|z 9783642134135
|
| 830 |
|
0 |
|a Lecture Notes in Computer Science,
|x 0302-9743 ;
|v 6116
|
| 856 |
4 |
0 |
|u http://dx.doi.org/10.1007/978-3-642-13414-2
|z Full Text via HEAL-Link
|
| 912 |
|
|
|a ZDB-2-SCS
|
| 912 |
|
|
|a ZDB-2-LNC
|
| 950 |
|
|
|a Computer Science (Springer-11645)
|